Noticia en que se describe lo más notable acaecido en las fiestas reales de toros, executadas en la Plaza Mayor de la Villa y Corte de Madrid, con los muy pausibles motivos de la exaltación al trono del rey, el Sr. Don Carlos IV, y jura de su hijo... príncipe de Asturias, los días 22, 24 y 28 de septiembre de 1789. (Record no. 114145)

MARC details
000 -LEADER
campo de control de longitud fija 00994nam a2200229 i 4500
001 - NÚMERO DE CONTROL
campo de control 114145
003 - IDENTIFICADOR DE NÚMERO DE CONTROL
campo de control ES-MaACL
005 - FECHA Y HORA DE LA ÚLTIMA TRANSACCIÓN
campo de control 20230906190103.0
007 - CAMPO FIJO DE DESCRIPCIÓN FÍSICA--INFORMACIÓN GENERAL
campo de control de longitud fija t|
008 - DATOS DE LONGITUD FIJA--INFORMACIÓN GENERAL
campo de control de longitud fija 061121s1956 sp |||| | spa d
100 1# - ENTRADA PRINCIPAL--NOMBRE DE PERSONA
Nombre de persona Tixera, José de la.
9 (RLIN) 110247
245 10 - MENCIÓN DEL TÍTULO
Título Noticia en que se describe lo más notable acaecido en las fiestas reales de toros, executadas en la Plaza Mayor de la Villa y Corte de Madrid, con los muy pausibles motivos de la exaltación al trono del rey, el Sr. Don Carlos IV, y jura de su hijo... príncipe de Asturias, los días 22, 24 y 28 de septiembre de 1789.
260 ## - PUBLICACIÓN, DISTRIBUCIÓN, ETC.
Lugar de publicación, distribución, etc. Madrid :
Nombre del editor, distribuidor, etc. Unión de Bibliófilos Taurinos,
Fecha de publicación, distribución, etc. 1956.
300 ## - DESCRIPCIÓN FÍSICA
Extensión 85 p. ;
Dimensiones 22 cm.
490 1# - MENCIÓN DE SERIE
Mención de serie Colección Carmena ;
Designación de volumen o secuencia 2
593 ## -
-- Autor tomado del pr. (p. 10)
650 #4 - PUNTO DE ACCESO ADICIONAL DE MATERIA--TÉRMINO DE MATERIA
Término de materia o nombre geográfico como elemento de entrada Corridas de toros-
Subdivisión geográfica Madrid-
Subdivisión de forma Historia.
9 (RLIN) 138679
710 2# - ENTRADA AGREGADA--NOMBRE DE ENTIDAD CORPORATIVA
Nombre de entidad corporativa o nombre de jurisdicción como elemento de entrada Unión de Bibliófilos Taurinos.
9 (RLIN) 7005
830 0# - PUNTO DE ACCESO ADICIONAL DE SERIE-TÍTULO UNIFORME
Título uniforme Colección Carmena ;
Designación de volumen o secuencia 2
9 (RLIN) 183843
852 ## - LOCALIZACIÓN
Ubicación ES-MaACL
Número de control de estantería E-4120
Holdings
Estatus retirado Estado de pérdida Estado de daño No para préstamo Biblioteca de origen Biblioteca actual Ubicación en estantería Fecha de adquisición Fuente de adquisición Total de préstamos Signatura topográfica completa Código de barras Visto por última vez Precio de reemplazo Tipo de ítem Koha
        Biblioteca del Ateneo de Madrid Biblioteca del Ateneo de Madrid Depósito 2 17/01/2008     E-4120 1119041 23/02/2023 23/02/2023 Libro impreso